| 000 | 01029nam a2200241 i 4500 | ||
|---|---|---|---|
| 001 | 75836 | ||
| 003 | ES-MaACL | ||
| 005 | 20250801152639.0 | ||
| 007 | t| | ||
| 008 | 040928s1951 sp f |||| | spa d | ||
| 100 | 1 |
_aMañá Alcoverro, Joaquín. _976245 |
|
| 245 | 1 | 0 |
_aGrave caso de conciencia en el matrimonio _b: el método Ogino a la luz de la teología moral / _cpor Joaquín Maña Alcoverro. Las fases de infecundidad periódica en la mujer para la aplicación del método Ogino-Knaus / por Eduardo Terrado Tintoré. |
| 250 | _a9ª ed. | ||
| 260 |
_aBarcelona : _bPontificia : _bEugenio Subirana, _c1951. |
||
| 300 |
_a226 p., 7 lám. ; _c19 cm. |
||
| 490 | 1 |
_aAmor, matrimonio y familia ; _v5 |
|
| 650 | 4 |
_aMétodo Ogino. _9170794 |
|
| 700 | 1 |
_aTerrades Tintoré, Eduardo. _9109773 |
|
| 740 | 4 | 2 | _aLas fases de infecundidad periódica en la mujer para la aplicación del método Ogino-Knaus. |
| 830 | 1 | 0 |
_aAmor, matrimonio, familia _v5 _9183870 |
| 852 | 4 |
_aES-MaACL _jD-5546 |
|
| 999 |
_c75836 _d75836 |
||